| 000 | 00699nam a22001337a 4500 | ||
|---|---|---|---|
| 008 | 150529b xxu||||| |||| 00| 0 eng d | ||
| 082 |
_a779.092 _bB 443a |
||
| 100 |
_aPatricia, Belli (curadora) _92883 |
||
| 245 |
_aActos de vision _c Alvarez, Maria Jose, Gonzalez,Celeste Gordillo, Claudia, Villalobos,Patricia |
||
| 260 | _aNicaragua | ||
| 300 |
_a14 p. _bill _c20x21 cm |
||
| 650 |
_xFotografia _xFotografia-mujer-nicaraguense _xMulticulturalismo _xDiscriminacion _xFeminismo _xAlvarez, Maria Jose-exhibicion _xGordillo, Claudia-exhibicion _xGonzalez, Celeste-exhibicion _xVillalobos, Patricia-exhibicion _92884 |
||
| 700 |
_a Alvarez, Maria Jose, Gonzalez,Celeste Gordillo, Claudia, Villalobos,Patricia _92885 |
||
| 999 |
_c643 _d643 |
||